Análisis de prefactibilidad técnica y financiera para la producción de liposomas encapsulando extracto de semilla de Tamarindus Indica L. como compuesto activo, para ser utilizados como aditivo en cosméticos.
Uloženo v:
| Hlavní autor: | |
|---|---|
| Další autoři: | |
| Médium: | Kniha |
| Jazyk: | Spanish |
| Vydáno: |
San José, Costa Rica
2023
|
| Tagy: |
Přidat tag
Žádné tagy, Buďte první, kdo vytvoří štítek k tomuto záznamu!
|
MARC
| LEADER | 00000nam a2200000Ia 4500 | ||
|---|---|---|---|
| 003 | 013758 | ||
| 005 | 20240105092207.0 | ||
| 008 | 140114s2023 cr a 000 ||spa d | ||
| 040 | |c cru CEDI | ||
| 100 | |a Arias Ulloa, Jimena, 1996- |9 2089 | ||
| 245 | |a Análisis de prefactibilidad técnica y financiera para la producción de liposomas encapsulando extracto de semilla de Tamarindus Indica L. como compuesto activo, para ser utilizados como aditivo en cosméticos. | ||
| 260 | |a San José, Costa Rica |c 2023 | ||
| 500 | |a Proyecto de graduación (licenciatura en ingeniería química) --Universidad de Costa Rica. Facultad de Ingeniería. Escuela de Ingeniería Química | ||
| 501 | |a Directora de Proyecto de Graduación: MBA. Karolina González Villalobos | ||
| 700 | |a González Villalobos, Karolina, 1974- |d Directora del TFG |9 2090 | ||
| 942 | |c TFG |h TFG 8899 |i 013758 |6 TFG_8899_013758000000000 | ||
| 999 | |c 13006 |d 13006 | ||
